| 000 | 00511nam a2200217Ia 4500 | ||
|---|---|---|---|
| 003 | OSt | ||
| 005 | 20230420112746.0 | ||
| 008 | 210423s2011 xx 000 0 und d | ||
| 020 | _a9780070619883 | ||
| 040 | _cAL | ||
| 041 | _aeng | ||
| 082 |
_a515.7 _223 _bRUDW |
||
| 100 |
_aRUDIN (Walter). _990961 |
||
| 245 | _aFunctional analysis. | ||
| 250 | _a2 | ||
| 260 |
_aNew Delhi _bTata McGraw-hill _c2011 |
||
| 300 |
_axv,424 _bPB |
||
| 365 | _cINR | ||
| 906 | _aanalysis. ; Functional | ||
| 942 |
_2ddc _cBK |
||
| 999 |
_c160797 _d160797 |
||